000
00321nam a22001337a 4500
020
_a
978-8177584165
041
_a
ENG
100
_a
Groover.M.P
245
_a
CAD/CAM Computer-AidedDesign And Manufacturing
260
_a
Delhi
_b
Prentice Hall Of India
_c
2003
300
_a
487
650
_a
Computer
856
_u
Computer
999
_c
729
_d
729